000 00272nam a2200121 a 4500
005 20141022142006.0
008 080922s19uu xx 00 eng d
050 _aVCD
_bL66 2003
245 _aThe lion king.
650 _aVCD.
650 _aThe lion king.
942 _cAVM
999 _c276491
_d276491